000 00761nam a22002297a 4500
005 20170124110224.0
010 _aA-371410
020 _c00.00
035 _aA-371410
037 _bCen Lib/Ret
040 _aDPL
_bEN
082 _a745.552
_bKHA
100 _aKhanna, Sudarshan
_940452
245 _aDynamic folk toys :
_cby Sudarshan Khanna
_bIndian toys based on the application of simple principles of science and technology /
260 _aNew Delhi
_bDevelopment Commissioner For Handicrafts
_c1983
270 _aWest Block No. -7 Ramakrishna Puram
_bNew Delhi
_e110044
300 _av,49p. :
_c22cm(Hb)
_bill.
650 _aToys
_zIndia
_940453
650 _aFolk Toys
_940454
700 _939937
942 _2ddc
_cEN
_h745.552
_mKHA
999 _c134332
_d134332